| 000 | 00347pab a2200145 454500 | ||
|---|---|---|---|
| 008 | 180718b1985 xxu||||| |||| 00| 0 eng d | ||
| 100 | _aPrasad, C.R. | ||
| 245 | _aUtilisation of organic wastes in biogas plants | ||
| 260 | _c1985 | ||
| 300 | _a514-18 | ||
| 362 | _aSept. | ||
| 650 | _aBiogas - India | ||
| 773 | _aKhadi Gramodyog | ||
| 909 | _a4435 | ||
| 999 |
_c4435 _d4435 |
||